|
|
|
|
| LEADER |
00000cam a2200000 7i4500 |
| 001 |
0000002703 |
| 005 |
20151222.0 |
| 008 |
070713 |
| 020 |
|
|
|a 9833730108
|
| 090 |
0 |
0 |
|a JF
|b MAL
|
| 100 |
0 |
|
|a Samsudin Saibot
|
| 245 |
1 |
0 |
|a Seekor ikan yang mencari air
|c Samsudin Saibot
|
| 260 |
|
|
|a Pulau Pinang :
|b Goal Intelligents Publishing ,
|c 2006
|
| 440 |
|
0 |
|a Siri cerita sejarah moral islam
|
| 500 |
|
|
|a Children ages 10-12 years old (pink)
|
| 650 |
|
0 |
|a Children's stories, Malay
|
| 650 |
|
0 |
|a Malay fiction
|
| 710 |
0 |
|
|a Title
|
| 999 |
|
|
|a 0000969816
|b Book
|c Children Collection
|e Perbadanan Perpustakaan Awam Johor
|
| 999 |
|
|
|a 0000969817
|b Book
|c Children Collection
|e Perbadanan Perpustakaan Awam Johor
|
| 999 |
|
|
|a 0000969818
|b Book
|c Children Collection
|e Cawangan Muar
|
| 999 |
|
|
|a 0000969819
|b Book
|c Children Collection
|e Cawangan Bandar Penawar
|
| 999 |
|
|
|a 0000969820
|b Book
|c Children Collection
|e Cawangan Sri Merlong
|
| 999 |
|
|
|a 0001068877
|b Book
|c Children Collection
|e Cawangan AEON Kulaijaya
|
| 999 |
|
|
|a 0001071583
|b Book
|c Children Collection
|e Cawangan Taman Universiti
|
| 999 |
|
|
|a 0001078870
|b Book
|c Children Collection
|e Cawangan Taman Universiti
|
| 999 |
|
|
|a 0001078871
|b Book
|c Children Collection
|e Cawangan Taman Universiti
|
| 999 |
|
|
|a 0001078872
|b Book
|c Children Collection
|e Cawangan Bukit Gambir
|
| 999 |
|
|
|a 0001078877
|b Book
|c Children Collection
|e Cawangan Bandar Penawar
|
| 999 |
|
|
|a 0001134921
|b Book
|c Children Collection
|e Cawangan Taman Universiti
|
| 999 |
|
|
|a 0001145190
|b Book
|c Children Collection
|e Cawangan Tangkak
|